|
|
|
|
| LEADER |
00000ckm a2200000 a 4500 |
| 001 |
vtls001199899 |
| 003 |
SK-MaSNL |
| 005 |
20260331203014.0 |
| 007 |
kf co |
| 008 |
180703s1987 xo g 0kuslo |
| 015 |
|
|
|a SNBG1987
|
| 035 |
|
|
|a SNK000142968
|
| 040 |
|
|
|a SNK
|b slo
|c SNK
|e AACR2
|
| 041 |
0 |
|
|a slo
|
| 043 |
|
|
|a e-xo---
|
| 044 |
|
|
|a xo
|c SK
|
| 072 |
|
7 |
|a 908(437)
|x Vlastiveda Česka a Slovenska
|2 konspekt
|
| 080 |
|
|
|a 913(437.6)
|2 2011
|
| 080 |
|
|
|a 908(437.6)
|2 2011
|
| 080 |
|
|
|a (084.121)
|2 2011
|
| 100 |
1 |
|
|a Schreiber, Bedrich
|c (fotograf)
|4 pht
|9 283348
|
| 245 |
1 |
0 |
|a Oravská priehrada
|h grafika
|c foto Bedrich Schreiber, Elena Lorencová
|
| 246 |
1 |
|
|i Názov na obrazovej časti:
|a Oravská priehrada
|
| 260 |
|
|
|a Bratislava
|b Pravda
|c 1987
|e [Bratislava]
|f TZP-B
|
| 300 |
|
|
|a 1 pohľadnica (5 čiastkových pohľadov)
|b farebná
|c 15 x 11 cm
|
| 500 |
|
|
|a Na adresnej časti uvedené: "Oravská priehrada - priehradné jazero v Oravskej kotline pod výbežkami Oravskej Magury. Vyhľadávané rekreačné stredisko"
|
| 520 |
8 |
|
|a Zobrazenie:
|
| 651 |
|
7 |
|a Oravská priehrada (Slovensko)
|2 SNKPHgeo
|9 17499
|
| 655 |
|
7 |
|a geografické pohľadnice
|2 SNKPH
|9 70522
|
| 655 |
|
7 |
|a miestne pohľadnice
|2 SNKPH
|9 70510
|
| 700 |
1 |
|
|a Lorencová, Elena
|c (fotografka)
|4 pht
|9 283290
|
| 958 |
|
|
|a GBN
|
| 958 |
|
|
|a GC
|
| 958 |
|
|
|a OND
|
| 999 |
|
|
|c 856426
|d 858356
|
| 952 |
|
|
|a SNK
|b SNK
|y PREZ
|7 0
|p 17A1409762
|o snkSP 138560
|i snk107/88
|0 0
|1 0
|4 0
|d 2022-02-21
|l 0
|r 2026-02-24 04:57:22
|w 2026-02-24
|
| 952 |
|
|
|a SNK
|b SNK
|y PREZ
|7 0
|p 17A1409899
|o snkSP 138560 D1
|i snk108/88
|0 0
|1 0
|4 0
|d 2022-02-21
|l 0
|r 2026-02-24 04:57:22
|w 2026-02-24
|